000
00223nmm a2200085Ia 4500
008
220120s9999||||xx |||||||||||||||||und||
100
_a
Digit
245
0
_a
E3 2015, harror games, steamOS, django tools
260
_a
Nine dot Nine
999
_c
139979
_d
139979